A terrorizmus hatása a turizmusra veszélyes desztinációk bemutatása

Bibliográfiai részletek
Szerző: Vigh Réka
További közreműködők: Kővári István
Dokumentumtípus: Diplomadolgozat
Kulcsszavak:Tömegturizmus
Turizmusbiztonság
Terrorizmus
Kapcsolat, terrorizmus, turizmus
Turizmusbiztonság, Egyiptom
Turizmusbiztonság, Fülöp-szigetek
Turizmusbiztonság, Mali
Online Access:http://dolgozattar.uni-bge.hu/59418

MARC

LEADER 00000nta a2200000 i 4500
001 dolg59418
005 20260115123330.0
008 260115suuuu hu om 000 hun d
040 |a BGE Dolgozattár Repozitórium  |b hun 
041 |a hu 
100 1 |a Vigh Réka 
245 1 2 |a A terrorizmus hatása a turizmusra  |b veszélyes desztinációk bemutatása  |c Vigh Réka  |h [elektronikus dokumentum] 
695 |a Tömegturizmus 
695 |a Turizmusbiztonság 
695 |a Terrorizmus 
695 |a Kapcsolat, terrorizmus, turizmus 
695 |a Turizmusbiztonság, Egyiptom 
695 |a Turizmusbiztonság, Fülöp-szigetek 
695 |a Turizmusbiztonság, Mali 
700 1 |a Kővári István  |e ths 
856 4 0 |u http://dolgozattar.uni-bge.hu/59418/1/Vigh-Reka.pdf  |z Dokumentum-elérés